Mina y Montaña
Zapisane w:
| 1. autor: | |
|---|---|
| Format: | Książka |
| Język: | Undetermined |
| Wydane: |
San José, Costa Rica
Litografía e Imprenta LIL, S.A.
2009
|
| Hasła przedmiotowe: | |
| Etykiety: |
Dodaj etykietę
Nie ma etykietki, Dołącz pierwszą etykiete!
|
MARC
| LEADER | 00000nam a2200000Ia 4500 | ||
|---|---|---|---|
| 008 | 170316s9999 xx 000 0 und d | ||
| 040 | |a cru BVZT | ||
| 090 | |a 868 A-15mi | ||
| 100 | |a Araya López, Carlomagno |9 340 | ||
| 245 | |a Mina y Montaña |c / Carlomagno Araya López | ||
| 260 | |a San José, Costa Rica |b Litografía e Imprenta LIL, S.A. |c 2009 | ||
| 300 | |a 72 páginas | ||
| 650 | |a LITERATURA COSTARRICENSE |9 17 | ||
| 650 | |a ARAYA LOPEZ CARLOMAGNO - AUTOBIOGRAFÍA |9 341 | ||
| 650 | |a POESÍA |9 18 | ||
| 650 | |a CARLOMAGNO - AUTOBIOGRAFÍA |9 342 | ||
| 999 | |c 10669 |d 10669 | ||
| 942 | |c 15 D |h 868 A-15mi |2 z | ||
